Responses for Show #3504 - Thursday, November 25, 1999

Contestants

[<< previous game]

Ryan Gravilla, a technical supervisor from Detroit, Michigan

Maureen Yeager, an information systems manager from New York City, New York

Karen Golojuch, a sign language interpreter from Arlington, Virginia (whose 1-day cash winnings total $5,800)

[next game >>]

Jeopardy! Round responses

BODIES OF WATER
FAMILIAR TV FACES
CROSSWORD CLUES "M"
TURKEY
DINNER
LEFTOVERS
    $100 1
the Atlantic Ocean

Maureen
    $100 4
Chicago Hope

Karen
    $100 11
moonshine

Maureen
    $100 2
(Ryan: What is Asia?)

Europe

KarenRyan
    $100 19
giblets

Ryan
    $100 26
Elizabeth Taylor

Karen
    $200 5
the Amazon

Maureen
    $200 7
Spin City

Karen
    $200 12
maƱana

Karen
    $200 3
coffee

Maureen
    $200 20
ham

Karen
    $200 27
Cannes

Karen
    $300 8
Spain & Portugal

Karen
    $300 16
Buffy the Vampire Slayer

Maureen
    $300 13
(Ryan: What are marsupials?)

monkeys

Ryan
Triple Stumper
    $300 6
theatres

Ryan
    $300 21
Yorkshire pudding

Triple Stumper
    $300 28
(Ryan: What are cuckoo clocks?)

dice clocks

Ryan
Triple Stumper
    $400 9
the Aegean Sea

Karen
    $400 17
Suddenly Susan

Karen
    $400 14
mask

Maureen
    $400 24
the Kurds

Triple Stumper
    $400 22
Hungary

Karen
    $400 29
[The end-of-round signal sounds.]

Wessex

Triple Stumper
    $600 10
the Strait of Gibraltar

Karen
    $500 18
Charlie's Angels

Triple Stumper
    $500 15
minute steak

Triple Stumper
    $500 25
meerschaum

Triple Stumper
    $500 23
(Alex: With a minute to go.)

scallops

Karen

Scores at the first commercial break (after clue 15):

Karen Maureen Ryan
$1,900 $1,000 -$100

Scores at the end of the Jeopardy! Round:

Karen Maureen Ryan
$3,700 $1,300 -$300

Double Jeopardy! Round responses

THE PILGRIMS
20th CENTURY PEOPLE
PICARESQUE NOVELS
SCRAMBLED SINGERS
ART & ARTISTS
EXPRESSIONS
    $200 23
(Alex: Minute to go.)

Cape Cod

Karen
    $200 1
Jeane Kirkpatrick

Karen
    $200 6
Tom Jones

Triple Stumper
    $200 8
Billy Joel

Ryan
    $200 15
(Maureen: What is a clamshell... half a clamshell?)
(Ryan: What is an oyster shell?)

a scallop shell

MaureenRyan
Triple Stumper
    $200 13
lily

Karen
    $400 24
Plymouth Colony

Karen
    $400 2
Neville Chamberlain

Triple Stumper
    $400 7
The World According to Garp

Maureen
    $400 9
Celine Dion

Ryan
    $400 16
watercolor

Ryan
    $400 14
"Now you're cooking with gas"

Triple Stumper
    $600 25
John Alden

Karen
    $600 3
Rajiv Gandhi

Karen
    $600 20
The Pickwick Papers

Karen
    $600 10
George Michael

Ryan
    $600 17
Thomas Gainsborough

Karen
    $2,000 28
(Karen: I have no idea.)
[The end-of-round signal sounds.]

rank & file

Karen
    $800 26
(Karen: Who was Winthrop?)

William Bradford

Karen
Triple Stumper
    $800 4
Boutros Boutros-Ghali

Triple Stumper
    $1,000 21
Being There

Karen
    $800 11
Bruce Springsteen

Triple Stumper
    $800 18
Whaam!

Triple Stumper
    $1000 27
Peregrine White

Triple Stumper
    $1000 5
Aleister Crowley

Triple Stumper
    $1000 22
Jack

Triple Stumper
    $1000 12
(Maureen: Who is Barbra Streisand?)

Alanis Morissette

Maureen
Triple Stumper
    $1000 19
Titian

Triple Stumper

Scores at the end of the Double Jeopardy! Round:

Karen Maureen Ryan
$5,300 $500 $1,100
(lock game)

[wagering suggestions for these scores]

Final Jeopardy! Round responses

U.S. STATES
MaureenWhat are Tennessee and Maryland?
$0
RyanWhat are
$99
KarenWhat are Tennessee and Missouri?
$2,500
Missouri & Tennessee

Final scores:

Karen Maureen Ryan
$7,800 $500 $1,001
2-day champion: $13,600 3rd place: Kathy Ireland/Spalding fitness equipment 2nd place: a trip to Hakai Beach Resort, Vancouver, B.C., Canada

Game dynamics:

Coryat scores:

Karen Maureen Ryan
$7,000 $500 $1,100
22 R
(including 2 DDs),
2 W
(including 1 DD)
7 R,
2 W
6 R,
4 W

Combined Coryat: $8,600

[game clues] [game scores] [suggest correction]

Game tape date: 1999-08-24
The J! Archive is created by fans, for fans. Scraping, republication, monetization, and malicious use prohibited; this site may use cookies and collect identifying information. See terms. The Jeopardy! game show and all elements thereof, including but not limited to copyright and trademark thereto, are the property of Jeopardy Productions, Inc. and are protected under law. This website is not affiliated with, sponsored by, or operated by Jeopardy Productions, Inc. Join the discussion at JBoard.tv.